[Event "Petrov Memorial op"]
[Site "St Petersburg"]
[Date "1996.??.??"]
[Round "5"]
[White "Yemelin, Vasily"]
[Black "Shaposhnikov, Evgeny"]
[Result "1-0"]
[WhiteElo "2495"]
[BlackElo "2320"]
[Annotator "Ribli,Z"]
[PlyCount "61"]
[EventDate "1996.02.??"]
[EventType "swiss"]
[EventRounds "9"]
[EventCountry "RUS"]
[SourceTitle "CBM 052"]
[Source "ChessBase"]
[SourceDate "1996.06.01"]
[SourceVersion "1"]
[SourceVersionDate "1996.06.01"]
[SourceQuality "1"]

1. e4 {Ftacnik King} c5 2. Nf3 e6 3. d4 cxd4 4. Nxd4 a6 5. Bd3 Nf6 6. O-O Qc7
7. c4 {Man spielt diese Forsetzung nur selten.} (7. Qe2 $5) 7... Nc6 8. Be3 $5
(8. Nxc6 dxc6 $5 9. f4 e5 10. f5 Bc5+ 11. Kh1 h5 $5 $132 {Murey,Y-Psakhis,L/
Tel_Aviv/1991/EXP27/INF52,178/}) 8... Ne5 (8... Bd6 $5) 9. h3 d6 10. f4 $146 (
10. Nc3 b6 11. f4 Nxd3 12. Qxd3 Bb7 13. f5 $36 {Pilgaard,K-Tagnon,N/Hastings
Challengers/9596/EXP50/}) 10... Nxd3 (10... Nxc4 $2 11. Qc2 b5 12. b3 $18) 11.
Qxd3 Be7 12. Nc3 O-O 13. a4 {Weiss hat ein sehr starkes Zentrum, seine Figuren
konrollieren die wichtigen Felder. Das schwarze Läuferpaar spielt keine Rolle.}
b6 14. f5 Bd7 (14... e5 $6 15. Nc2 Bb7 16. Nb4 $14 {>< d5}) 15. Rad1 Rac8 16.
b3 Rfe8 17. Bg5 $5 {Der Anziehende will den Druck gegen den schwarzen
Königflügel verstärken.} Qc5 {/\ e5} 18. Kh1 Rcd8 19. Qg3 {/\ fxe6,Bxf6} Nh5 (
19... Kh8 20. Qh4 $40) 20. Qh4 Bxg5 21. Qxg5 Nf6 22. Rd3 $1 {/\ Rg3  King: The
conditions are perfect for the rook to enter the attack against Black's king:
White has a large space advantage; his centre is stable; and Black's king
lacks protection. As is so often the case in such 'hedgehog' positions the
exchange of the dark-squared bishops has been detrimental to Black: it is
often well-placed on f8 defending two potentially weak points in Black's
position, namely the d6 and g7 pawns.} h6 23. Qh4 e5 $2 {In einer unbequemen
Stellung verliert Schwarz die Geduld und strebt eine gewaltsame Loesung an.} (
23... Kh7 $14 {/\ exf5}) 24. Rg3 $1 {Nunn rollt der weisse Angriff
unaufhaltsam voran.} Kh7 (24... Kh8 25. Nd5 Nxd5 26. f6 Nxf6 27. Rxf6 Kh7 28.
Rxf7 Rg8 29. Qf6 $18) 25. Nf3 Rf8 {[#]} 26. Nd5 $1 {Der wichtigste Verteidiger
(Nf6) wird beseitigt, dem schwarzen Koenig ist nicht mehr zu helfen.} Nxd5 27.
Ng5+ Kg8 (27... Kh8 {Ftacnik} 28. Nxf7+ Rxf7 29. Qxd8+ $18) 28. f6 $3 {[#]} Ne3
(28... Nxf6 29. Rxf6 hxg5 30. Qxg5 g6 31. Rxg6+ fxg6 32. Qxg6+ Kh8 33. Qh6#) (
28... hxg5 {Ftacnik} 29. Qxg5 g6 30. cxd5 $18) 29. fxg7 (29. Ne6 $1 $18 {
Matt in wenigen Zuege.}) 29... Nxf1 (29... Kxg7 30. Ne6+ Kh7 31. Rg7+ Kh8 32.
Qxh6#) 30. gxf8=Q+ (30. Qxh6 $2 {Ftacnik} Nxg3+ 31. Kh2 Nf1+ 32. Kh1 Ng3+ $10)
30... Rxf8 (30... Kxf8 31. Nh7+ Ke8 32. Rg8#) 31. Ne6+ {Ribli} (31. Ne6+ {
Ftacnik} Kh7 32. Rg7+ Kh8 33. Qxh6#) 1-0

[Event "WchT 4th"]
[Site "Luzern"]
[Date "1997.10.30"]
[Round "6.4"]
[White "Becerra Rivero, Julio"]
[Black "Khurtsidze, Nino"]
[Result "1-0"]
[WhiteElo "2495"]
[BlackElo "2415"]
[Annotator "Ribli,Z"]
[PlyCount "91"]
[EventDate "1997.10.25"]
[EventType "team-tourn"]
[EventRounds "9"]
[EventCountry "SUI"]
[SourceTitle "CBM 062"]
[Source "ChessBase"]
[SourceDate "1998.01.31"]
[SourceVersion "1"]
[SourceVersionDate "1998.01.31"]
[SourceQuality "1"]
[WhiteTeam "Cuba"]
[BlackTeam "Georgia (w)"]
[WhiteTeamCountry "CUB"]
[BlackTeamCountry "GEO"]

1. e4 c5 2. Nf3 e6 3. d4 cxd4 4. Nxd4 a6 5. Bd3 Nc6 {Heutzutage wird die
Variante mit 5...Bc5 seltener gespielt, aber Schwarz probiert diese alte
Fortsetzung, wie auch schon in einer früheren Runde des Turniers. Ribli.} 6.
Nxc6 dxc6 (6... bxc6 7. O-O d5 8. c4 $14 {Das ist wohlbekannt seit der 7.
Wettkampfpartie Fischer-Petrosjan,Buenos Aires 1971.}) 7. Nd2 e5 8. Qh5 Bd6 9.
Nc4 Nf6 10. Qe2 b5 (10... Bc7 $5 {Wenn das gegen Nunn gut war, dann probiere
ich es auch gegen Beccero, glaubte Khurtsidze vielleicht. Aber nach meiner
Meinung kommt die Partiefortsetzung jetzt zu früh.}) 11. Nxd6+ Qxd6 12. a4 $14
(12. O-O O-O 13. b3 Rd8 14. a4 {Das ist der Übergang zur Partie
Nunn-Khurtsidze. In unsere Partie kann Weiß den Unterschied ausnutzen.}) 12...
O-O (12... Bb7 {[%csl Rb7] In Wirklichkeit steht der Läufer nicht so gut auf
b7.}) 13. axb5 $5 $146 (13. O-O Bg4 14. f3 Be6 15. Be3 Nd7 16. Rfd1 Qe7 17. Qf2
Rfb8 18. axb5 axb5 19. Ba7 Rc8 20. Ra6 Nf6 21. Rda1 Qb7 22. Qb6 Qd7 23. Qc5 Qc7
24. Bb6 Rxa6 25. Rxa6 Qb7 26. Ra7 Qb8 27. Qe3 Nd7 28. Bc5 h6 29. h3 {Istvandi,
L-Kozlov,O/Schneider mem op 1995/EXP 46/1-0 (60)}) 13... cxb5 14. O-O Bb7 15.
Rd1 {[%cal Gd1d6] Weiß besitzt das Läuferpaar, aber die Stellung ist eher
geschlossen und der Läufer d3 steht nicht besonders gut.} Qc6 16. f3 Nd7 (16...
Rfc8 $5 {Dies verhindert die Möglichkeit c2-c4.} 17. Be3 Nd7 {[%cal Gd7c5] Der
Springer zielt nach c5 und Schwarz hat eine haltbare Stellung.}) 17. c4 $5 b4 (
17... bxc4 18. Bxc4 Qc7 (18... Nb6 19. Bxa6 Bxa6 20. Rxa6 Rxa6 21. Qxa6 Qc2 22.
Qd3 $16) 19. Be3 $14 (19. Bxa6 $2 Nc5 $5 $17 {[%cal Ga8a1]} (19... Qb6+ 20. Be3
Bxa6 21. Qd2 Qb7 (21... Qb3 22. Ra3) (21... Nc5 22. b4 Nxe4 $11) 22. Qxd7 Qxb2
$11))) 18. Be3 Nc5 (18... a5 19. c5 $36 {[%cal Rd3b5]} Nxc5 $2 (19... Ba6 20.
Bxa6 Rxa6 21. Rd6 $18 (21. Rxd7 $18)) 20. Rac1 $18) 19. Ra5 $1 {[%csl Ga5] Mit
diesem starken Turmzug gewinnt Weiß Raum am Damenflügel. Es ist interessant,
daß in unserer Partie die Anwesenheit der ungleichfarbigen Läufer dem Weißen
hilft, nachdem der Bb7 über keine Perspektiven verfügt.} Nxd3 20. Qxd3 f5 {
Es ist verständlich, daß Schwarz die Stellung für seinen Läufer öffnen möchte,
aber es entstehen so viele neue Schwächen in seinem Lager.} (20... f6 21. Rd5
$16 {[%csl Gd5]} (21. Bc5 Rfc8 22. b3 $5 (22. Bxb4 $2 Qb6+ $19))) 21. Qd5+ $1
Kh8 (21... Qxd5 {Das hilft nur dem Weißen. Die zwei verbundene Freibauern sind
sehr stark.} 22. exd5 {[%cal Re3c5,Rf8b4]} Rfd8 (22... Rfe8 23. c5 {[%cal
Rc5c7,Rd5d7]}) 23. d6 $16 {[%cal Ra5f5]}) 22. Qxc6 Bxc6 23. exf5 e4 (23... Rxf5
24. Rxa6 Rxa6 (24... Rc8 25. Rxc6 $18) 25. Rd8+ $18) 24. Rd6 {[%csl Ga5,Rc6,
Gd6] Weiß hat nur einen Mehrbauern, aber der schwarze Läufer hängt in der Luft,
was dem Schwarzen große Probleme bereitet.} Rf6 (24... Bb7 25. Rb6 {[%cal
Rb6b7,Rb6b4]}) 25. Rxf6 gxf6 26. Rc5 Ba4 (26... Bb7 27. Rc7 Rb8 28. Ba7 $18)
27. fxe4 Re8 28. Bd2 {Es gibt jetzt viele gute Fortsetzungen für Weiß. Die
schwarze Stellung ist kaum zu halten.} (28. Bd4) 28... Rxe4 (28... b3 29. Bc3
$16) 29. Bxb4 Bb3 30. Bc3 {[%csl Rf6,Rh8]} (30. Rc8+ Kg7 31. Bf8+ (31. c5 $4
Rxb4 $19) 31... Kf7 32. c5) 30... Bxc4 (30... Kg7 31. Rc7+ $16) 31. Bxf6+ Kg8
32. Bc3 {Weiß hat zwei Bauern mehr und gute Gewinnchancen. Leider bieten auch
die ungleichfarbigen Läufer dem Schwarzen keinerlei Remischancen.} h5 33. Kf2
Bb5 34. Kf3 Rc4 {Endlich ist das Endspiel nach diesem Turmzug verloren für
Schwarz, aber guter Rat ist schon teuer. Mit dem Turm, Läufer und aktivem
König kann Weiß kann ein Mattnetz aufbauen.} 35. Rxc4 Bxc4 36. Kf4 {Ohne a-
und b-Bauern hätte Schwarz gute Remischancen, aber die Anwesenheit der Bauern
am Damenflügel bedeutet deutlichen Vorteil fuer Weiß.} Kf7 37. Kg5 Bf1 (37...
Be2 38. h3 Bf1 39. g4 Bxh3 40. Kxh5 $18) 38. g3 Bh3 39. Kxh5 Bxf5 40. g4 $18 {
Weiß steht auf Gewinn. Der Plan ist klar: Kh6 spielen und dann g4-g5, h4-h5
und die Freibauern gewinnen.} Bd3 41. Kh6 Bf1 {[%cal Gf1h3]} 42. h4 Bc4 43. h5
Bd5 44. g5 Be4 45. g6+ Kg8 46. Kg5 {Schwarz muß wegen der tödlichen Drohung 47.
h6 nebst 48.h7 aufgeben. Ribli.} 1-0

[Event "Lippstadt 9th"]
[Site "Lippstadt"]
[Date "1999.07.26"]
[Round "5"]
[White "McShane, Luke J"]
[Black "Romanishin, Oleg M"]
[Result "1/2-1/2"]
[WhiteElo "2467"]
[BlackElo "2567"]
[Annotator "Ribli,Z"]
[PlyCount "105"]
[EventDate "1999.07.22"]
[EventType "tourn"]
[EventRounds "11"]
[EventCountry "GER"]
[EventCategory "8"]
[SourceTitle "CBM 072"]
[Source "ChessBase"]
[SourceDate "1999.10.01"]
[SourceVersion "1"]
[SourceVersionDate "1999.10.01"]
[SourceQuality "1"]

{[%mdl 6144]} 1. e4 {King} c5 {Die Hauptwaffe des ukrainisches Grossmeisters
ist die Spanische Eröffnung, daher ist dieser Zug eine kleine Überraschung.
Ribli.} 2. Nf3 e6 3. d4 cxd4 4. Nxd4 a6 {Schwarz spielt die sogenannte
Paulsen-Variante.} 5. Bd3 Nf6 6. O-O e5 {'!?' King. Eine seltene Fortsetzung.
Schwarz hat eigentlich ein Tempo verloren, vertreibt aber den Springer aus dem
Zentrum} 7. Nb3 (7. Nf3 d6 8. c4 (8. Nc3 Be7 9. a4 b6 $6 (9... O-O 10. a5 Nc6
11. Nd5 $16) (9... Nc6 $5 10. Nd5 Nxd5 11. exd5 Nb4 12. Bc4 $14) 10. Nd2 O-O
11. Nc4 Bg4 (11... Nbd7 $5) 12. Qe1 Be6 13. Bg5 $1 Nbd7 14. Bxf6 Nxf6 15. Ne3 {
><d5, a6} Qc8 16. Qe2 Qb7 17. f3 {1-0 Fedorowicz,J-Dorfman,I/New York 1989/Inf
47/[Fedorowicz,J] (38)}) 8... Be7 9. Nc3 h6 10. Ne1 O-O 11. Nc2 Bg4 12. f3 Be6
13. Be3 Nbd7 14. Nb4 Rc8 15. Nbd5 Bxd5 16. exd5 Nh5 17. g3 {1-0 Gongora,
M-Garcia Martinez,S/Havana 1999/CBM 70 ext (32)}) (7. Ne2 Bc5 8. Bg5 d6 9. Nbc3
Nbd7 10. Nd5 h6 11. Bxf6 Nxf6 12. Nec3 Be6 13. Bc4 Nh7 14. Qd3 O-O 15. Rad1 Rc8
16. Ne2 Kh8 17. Ng3 Qg5 18. Kh1 h5 19. Nf5 Bxf5 20. exf5 {1/2-1/2 Ipavec,
P-Romanishin,O/Nova Gorica 1999/CBM 68 ext (20)}) 7... d6 8. Nc3 {Ähnliche
Stellungen bekommen wir in der Najdorf-Variante nach der Zugfolge 1.e4 c5 2.
Nf3 d6 3.d4 cxd4 4.Nxd4 Nf6 5.Nc3 a6 6.Be2 e5 7.Nb3, aber dort steht der
weisse Läufer auf e2.} Be7 9. a4 {[%csl Yd5][%cal Ga4a5] Weiss hat die etwas
aktivere Stellung. Das Feld d5 ist immer eine positionelle Schwäche.} Be6 (9...
b6 10. Bg5 Nbd7 11. Nd2 Nc5 12. Bxf6 Bxf6 13. Nc4 Bb7 14. Be2 O-O 15. Nxd6 {
1/2-1/2 Herrera,I-Romanishin,O/Linares 1999/CBM 68 ext (54)}) 10. Be3 (10. a5 {
Dieser Zug ist riskant. Der a5-Bauer kann schwach sein.} Nc6 $13 (10... Bxb3
11. cxb3 Nc6 $13)) ({I suspect that if White wishes to exploit Black's tempo
loss he should play more boldly, but I see no clear route to an advantage.
Let's try} 10. f4 {King for instance:} Nc6 (10... exf4 11. Bxf4 Nc6 {is a
solid option for Black.}) 11. f5 Bxb3 12. cxb3 Nd4 (12... Qb6+ 13. Kh1 Nd4 14.
Bg5 Qxb3 15. Qd2 $44) 13. Bg5) 10... Nc6 (10... Nbd7 $5 $11) 11. Nd2 {[%csl
Yb6][%cal Gd2c4,Gc4b6] Weiss verbessert seine Springerstellung. Der Springer
strebt nach b6.} Rc8 $5 {Die Kontrolle der c-Linie ist wichtiger als die
sofortige Rochade.} (11... O-O 12. Nc4 Nxe4 13. Nxe4 d5 {[%cal Rd5c4,Rd5e4]}
14. Nb6 dxe4 15. Bxe4 $14 {[%csl Gb6]}) 12. Bc4 (12. Nc4 Nd4 $1 $15 13. b3 $2
b5 {[%cal Gc8c3]}) 12... O-O (12... Bxc4 13. Nxc4 Nd4 14. Bxd4 Rxc4 15. Be3 $14
Nxe4 $2 16. Qd5 $18 {[%cal Rd5c4,Rd5e4]}) 13. Bg5 {Weiss möchte den
f6-Springer tauschen und Bd5 oder Nd5 spielen, aber statt der
Partiefortsetzung scheint mir 13.Te1 besser.} (13. Bxe6 $6 fxe6 {Die schwarzen
Bauern in der e-Linie kontrollieren die wichtigsten Punkte im Zentrum.} 14. Nc4
Nd4 $13) 13... Nb4 $11 {Schwarz öffnet die c-Linie und kontrolliert das Feld
d5.} (13... Nxe4 $5 {Dieser Zug führt zu grossen Komplikationen, aber die
schwarze Stellung gefällt mir besser.} 14. Bxe7 (14. Ncxe4 Bxg5 15. Bxe6 fxe6
16. Nxg5 (16. Qg4 Bxd2 17. Qxe6+ Kh8 18. Nxd2 Nd4 $17 {[%csl Rc2][%cal Rd4c2,
Rd4e6]}) 16... Qxg5 17. Ne4 Qf4 $17) 14... Qxe7 (14... Nxc3 15. Bxd8 Nxd1 16.
Bxe6 fxe6 (16... Rcxd8 17. Bh3 Nxb2 18. Rfb1 $16 {[%csl Rb2]})) 15. Ncxe4 d5
$15) 14. Bxf6 (14. Bxe6 fxe6 $11 {Schwarz hat eine sehr bequeme Stellung und
mindestens gleiche Chancen.}) 14... Bxf6 15. Nd5 Nxd5 (15... Bxd5 16. exd5 $14
{Schwarz hat Probleme mit der Aufstellung des Springers.}) 16. Bxd5 (16. exd5
Bd7 $15 (16... Bf5 $11)) 16... Bxd5 17. exd5 Bg5 {Schwarz bereitet den Zug 18..
.f5 vor.} 18. Nf3 (18. Ne4 Be7 $15 {Schwarz kann ..f5 folgen lassen.} (18... f5
19. Nxg5 Qxg5 $11)) 18... f5 19. c3 Bf6 $15 {Schwarz hat eine gute
Zentrumsstellung und seine Figuren stehen aktiv. Der weisse Raumvorteil durch
den Bauern d5 hat keine Bedeutung.} 20. Qb3 {[%cal Rb3b7,Gb3g8]} Rf7 ({
Somewhere around here Black lost his way, but his position looks fine. I
suggest:} 20... e4 $5 {King} 21. Nd2 (21. Nd4 Bxd4 22. cxd4 Qe7 $40) 21... Qc7
$15) 21. Rfd1 Qc7 {[%csl Yc4][%cal Gc8c4] Schwarz kontrolliert stark die
halboffene c-Linie.} 22. a5 Qc4 23. Qc2 (23. Qxc4 Rxc4 $15) 23... g6 (23... e4
$5 24. Ne1 (24. Nd4 $2 Bxd4 25. Ra4 (25. Rxd4 Qxd4 26. cxd4 Rxc2 $19) 25...
Bxf2+ 26. Kxf2 Qc5+ $19) 24... Rc5 $15) 24. Ra4 Qb5 (24... Qc5 $15) 25. Nd2 e4
{[%cal Gf6b2] Der schwarze Läufer steht aktiv auf f6. Weiss hat einige
Problemen mit der Figurenkoordination.} 26. Qb3 Rc5 (26... Qe2 27. Nc4 $132)
27. c4 Qe8 (27... Qxb3 28. Nxb3 Rc8 29. Nd4 $11) 28. Rb4 {[%cal Rb3b7,Gb4b6,
Gb6d6]} Qc8 (28... Rxa5 $5 29. Rxb7 Rxb7 30. Qxb7 Ra2 $15) 29. Rb6 $11 Rd7 (
29... Rxa5 30. Rxd6 $132) 30. Qa2 Qe8 (30... Bd8 31. b4 $1 $14 Bxb6 32. axb6
$18 {[%csl Rc5] Der c5-Turm steht schrecklich schlecht.}) 31. Qa4 {[%cal Ga4e8]
Weiss droht 32.Rxd6.} Rc8 {Schwarz verteidigt die Dame.} 32. c5 $5 $13 {
[%cal Gb6f6]} Rdc7 (32... Rxc5 33. Rxd6 $18 {[%csl Ga4,Gd6,Rd7,Re8][%cal Rd6f6,
Ra4e8]}) 33. Qxe8+ Rxe8 34. Nc4 {[%csl Gc4]} (34. cxd6 Rd7 35. Nc4 Rc8 36. b3
Rc5 $11 {Weiss hat einen Bauern mehr, aber die schwarze Blockadestellung ist
fest.}) 34... Rxc5 35. Nxd6 {Weiss hat den Schlüsselbauern gewonnen. Schwarz
muss jetzt vorsichtig sein.} Rd8 {[%cal Gd8d1]} 36. Nxb7 (36. b4 Rc3 37. Nxb7
Rxd5 $132) 36... Rcxd5 37. Rf1 (37. Rxd5 Rxd5 $11 {[%cal Rd5d1,Rd1g1]}) 37...
Bd4 $5 (37... R8d7 38. Rxf6 Rxb7 39. Rxa6 Rxb2 $11) 38. Nxd8 (38. Rxa6 Rb8 $11)
38... Bxb6 39. axb6 Rxd8 {[%csl Rb6][%cal Rd8b8,Rb8b6] Weiss kann im
Turmendspiel das Gleichgewicht trotz seiner schwachen b-Bauern wahren.} 40. Ra1
(40. Rc1 Rb8 41. Rc6 Kf8 42. Kf1 Ke7 $11) 40... Rd6 41. b7 Rb6 {[%cal Rb6b7,
Rb6b2]} 42. Rxa6 Rxb7 (42... Rxb2 $4 {[%cal Rb2b1,Rb1g1,Rb2b7]} 43. Ra8+ Kf7
44. b8=Q $18) 43. Ra2 $11 {Das Turmendspiel ist Remis. Schwarz hat
theoretischen Vorteil wegen der Schwäche auf b2, kann aber seine Stellung
nicht verbessern. Bei gutem weissem Spiel wäre die Stellung sogar ohne den
weissen b-Bauern remis.} Kg7 44. g3 Kh6 45. Kg2 Kg5 46. h3 (46. Kg1 Kg4 47. Kg2
$11) 46... Kh5 47. Kg1 h6 48. Kg2 Rb3 {[%csl Gb3]} 49. Kg1 Rb5 (49... e3 50.
fxe3 Rxe3 51. Kf2 $11) 50. Kg2 Kg5 51. Kf1 h5 52. h4+ (52. Kg2 h4 $15) 52...
Kf6 53. Ra6+ (53. Ra6+ Kg7 54. Ra7+ Kh6 55. Ra2 $11) 1/2-1/2

[Event "RUS-chT 03rd"]
[Site "Kazan"]
[Date "1995.??.??"]
[Round "1"]
[White "Ovetchkin, Roman"]
[Black "Rublevsky, Sergei"]
[Result "0-1"]
[WhiteElo "2335"]
[BlackElo "2595"]
[Annotator "Ribli,Z"]
[PlyCount "80"]
[EventDate "1995.??.??"]
[EventType "team-tourn"]
[EventRounds "9"]
[EventCountry "RUS"]
[SourceTitle "CBM 051"]
[Source "ChessBase"]
[SourceDate "1996.04.01"]
[SourceVersion "1"]
[SourceVersionDate "1996.04.01"]
[SourceQuality "1"]
[WhiteTeam "Ekaterinburg Agat"]
[BlackTeam "Novosibirsk New Siberia"]
[WhiteTeamCountry "RUS"]
[BlackTeamCountry "RUS"]

1. e4 {Giese Dolmatov} c5 2. Nf3 e6 3. d4 cxd4 4. Nxd4 a6 5. Bd3 Nf6 6. O-O d6
7. Nd2 $146 {Weiss probiert eine neue Idee.} (7. c4 $5 Be7 8. Nc3 $14 {Dolmatov
}) 7... Nbd7 8. f4 b5 {Droht /\ Qb6,nebst e5 mit Figurgewinn.} (8... Qb6 $6 9.
Nc4 $1 Qxd4+ $2 10. Be3 $18) 9. N4b3 $6 (9. N4f3 Qc7 10. Qe2 Bb7 $13) (9. a4 $6
{Dolmatov} Qb6 10. N2b3 e5 11. a5 Qa7 12. Be3 exd4 13. Bxd4 Qc7 14. e5 $13) (9.
Kh1 $5 Bb7 10. a4 $14) 9... Bb7 10. Qe2 (10. a4 $5 {Dolmatov} Qb6+ 11. Kh1 Be7
12. axb5 axb5 13. Rxa8+ Bxa8 14. Qe2 $14) 10... Qc7 11. Nf3 (11. a4 $5 {
Dolmatov} bxa4 12. Rxa4 Be7 13. Kh1 O-O 14. Na5 Nc5 15. Ra2 $14) 11... Be7 {
Schwarz hatte das Spiel ausgeglichen.} 12. Bd2 O-O (12... Rc8 13. a4 $1 $36)
13. Ba5 $6 {Dieser ungewoehnliche Zug gefaellt mir nicht. Was sucht dort
dieser Laufer ?} (13. a4 $5) (13. Na5 Nc5 14. Nxb7 Qxb7 15. Rae1 (15. e5 dxe5
16. fxe5 Nd5 $132) 15... Nxd3 16. cxd3 Rac8 $14) 13... Qb8 14. Rae1 {/\ e5} Nc5
15. Ng5 {Droht /\ wieder e5 >< h7.} (15. Nxc5 dxc5 16. e5 $6 (16. c3 Qxf4 17.
e5 Ng4 18. g3 Qh6 $17) 16... c4 $1 (16... Nd5 $2 17. Bd2 $14) 17. exf6 cxd3
$132) 15... h6 (15... Nxd3 16. cxd3 h6 17. Nf3 $10) 16. Nxc5 (16. e5 Nxd3 17.
exf6 Bxf6 18. Qxd3 hxg5 19. fxg5 Bxg5 $17) 16... dxc5 17. e5 Nd7 (17... hxg5
18. exf6 Bxf6 19. fxg5 (19. Qh5 g6 20. Bxg6 fxg6 21. Qxg6+ Bg7 22. Qxe6+ $44)
19... Bxg5 20. Qh5 Bh6 21. Bd2 $1 $40) (17... c4 $6 18. exf6 cxd3 19. Qxd3 Bc5+
20. Kh1 hxg5 21. Re5 Qd6 22. fxg7 $40) 18. Qh5 (18. Nh7 $2 c4 $1 19. Nxf8 cxd3
20. Qxd3 (20. Nxd7 dxe2 21. Nxb8 exf1=Q+ 22. Kxf1 Rxb8 $19) 20... Nxf8 $19)
18... c4 19. Bh7+ Kh8 {[%cal Gh5h8]} 20. Be4 Bxe4 21. Rxe4 (21. Nxf7+ Rxf7 22.
Qxf7 Bc5+ 23. Kh1 Qb7 $19) (21. Nxe4 $142 {Giese} b4 22. c3 $10) 21... Kg8 {
[%csl Rg5][%cal Yh6g5]} 22. Nf3 Nc5 $1 {Das Blatt hat sich gewendet, bisher
sollte Schwarz sich sehr genau verteidigen und jetzt uebernimmt er die
Initiative.} 23. Re2 b4 {Droht /\ Qb5} 24. a3 {Dieser Zug verliert einen
Bauern, aber allerdings kann Weiss an seiner Stellung kaum Freude haben.} (24.
Nd4 $142 $13 {Giese}) (24. c3 Nd3 25. Nd4 Qa7 $17) 24... bxa3 25. bxa3 Qb2 $1 {
[%csl Ra3]} 26. Bb4 a5 27. Bxc5 Bxc5+ 28. Kh1 Qxa3 {[%csl Ga5] Der
Nachziehende befindet sich auf der Siegerstrasse, einerseits wegen seines
Materialvorteils--sehr gefaerhlicher Freibauer auf die a-Linie --, anderseits
auch deshalb, weil der Gegner keine realistische Chancen am Koenigfluegel hat.}
29. g4 (29. f5 exf5 30. Qxf5 Ra6 $19) 29... Rfd8 30. f5 Rd1 $1 {[#] Nach
diesem huebschen Zug gab keinen Rettunsanker mehr.} 31. Ne1 Qa4 $1 32. g5 (32.
fxe6 {Dolmatov} Qc6+ 33. Rg2 Qxe6) 32... Qc6+ 33. Rg2 Rad8 34. gxh6 R8d2 35.
Qg4 Qxg2+ 36. Qxg2 Rxg2 37. Kxg2 Bb4 $1 38. Nf3 Rxf1 39. Kxf1 a4 40. fxe6 fxe6
{Schwarz hat eine sehr gute Beispielpartie gezeigt: So spielt man Sizilianisch.
} 0-1